Tous les Pokemon de type Combat (1G) - Statistiques

Statistiques générales
  • Ce quiz a été pris 32 fois
  • Le résultat moyen est 7 sur 8
Statistiques - réponses
Indices Réponses % Correct
Combat Kicklee
100%
Combat Tygnon
100%
Combat Machoc
93%
Combat Machopeur
93%
Combat Mackogneur
90%
Combat + Eau Tartard
86%
Combat Colossinge
69%
Combat Férosinge
69%
Aucun quiz correspondant
Distribution des résultats
% des personnes avec chaque résultat
Percentile par nombre de réponses
Votre historique - résultats
Vous n’avez pas pris ce quiz